000
00270nam a22001217a 4500
082
_a
823
_b
RAI/P
245
_a
PANCHTANTRA STORIES
260
_a
DELHI
_b
RAINBOW BOOKS
300
_a
16
520
_a
ENGLISH SHORT STORY
650
_a
ENGLISH SHORT STORY
_z
DELHI
942
_c
BK
999
_c
5554
_d
5554